00428nam a2200145Ia 4500008004100000100002000041245009700061245003000158260002400188260000900212300000900221500000900230650002300239650002000262170224s9999 xx 000 0 und d aTamara Kharroub aSocial media and protests: An examination of Twitter images of the 2011 Egyptian revolution  cTamara Kharroub, Ozen Bas bNew Media & Society c2016 a18:9 a2016 xCommunication Arts xMultimedia Arts